Lord of the Rings Scene by Movies - Click Quiz - Statistics

General Stats
  • This quiz has been taken 244 times
  • The average score is 16 of 18
Answer Stats
Hint Answer % Correct
The Fall into the fires of Mount Doom
3
The Lord of the Rings:
The Return of the King
95%
The Founding of the Fellowship
1
The Lord of the Rings:
The Fellowship of the Ring
93%
The Battle of the Morannon at Mordor's Black Gate
3
The Lord of the Rings:
The Return of the King
93%
The Crowning of King Elessar
3
The Lord of the Rings:
The Return of the King
92%
Bilbo's Farewell Party
1
The Lord of the Rings:
The Fellowship of the Ring
91%
Travelling with Treebeard
2
The Lord of the Rings:
The Two Towers
91%
The Battle of Helm's Deep
2
The Lord of the Rings:
The Two Towers
90%
Gandalf facing the Balrog in the Mines of Moria
1
The Lord of the Rings:
The Fellowship of the Ring
88%
Boromir's death
1
The Lord of the Rings:
The Fellowship of the Ring
88%
King Theoden under spell
2
The Lord of the Rings:
The Two Towers
88%
The call on the Dead Men of Dunharrow
3
The Lord of the Rings:
The Return of the King
87%
The Destruction of Isengard
2
The Lord of the Rings:
The Two Towers
86%
In Shelob's Lair
3
The Lord of the Rings:
The Return of the King
86%
Taming Gollum
2
The Lord of the Rings:
The Two Towers
83%
The Siege of Minas Tirith
3
The Lord of the Rings:
The Return of the King
83%
Meeting Galadriel in Lothlórien
1
The Lord of the Rings:
The Fellowship of the Ring
78%
The Treachery of Saruman
1
The Lord of the Rings:
The Fellowship of the Ring
77%
Frodo and Sam captured by Faramir
2
The Lord of the Rings:
The Two Towers
76%
No matching quizzes found
Score Distribution
Percent of People with Each Score
Percentile by Number Answered
Your Score History
You have not taken this quiz